| 000 | 00679nam a2200217 a 4500 | ||
|---|---|---|---|
| 999 |
_c3667 _d3667 |
||
| 001 | 3667 | ||
| 003 | BD-JhCC | ||
| 005 | 20171115211447.0 | ||
| 008 | 171115s1396 bg |||| ||a| 00| 0 en d | ||
| 035 | _a(BD-JhCC)3667 | ||
| 040 |
_aBD-JhCC _dBD-JhCC |
||
| 041 | _aben | ||
| 082 |
_a891.4415 _bBAN 1396 |
||
| 245 |
_aবাংলাদেশের নির্বাচিত কবিতা / _cমুহম্মদ নুরুল হুদা |
||
| 260 |
_aঢাকা : _bমুক্তধরা, _c1396. |
||
| 300 |
_a268 p. : _c22 cm. |
||
| 650 | _aSelected Poem | ||
| 700 | _aহুদা, মুহম্মদ নুরুল | ||
| 942 |
_2ddc _cBK |
||